000 01916cam a22004934i 4500
003 PE-LiUPU
005 20250731173540.0
008 150616s r 000 0 d
020 _a083411223X
035 _a(Sirsi) i9780834112230
040 _aPE-LiUPU
_bspa
_cPE-LiUPU
_erda
049 _aPRUA
082 0 4 _b
_221
100 1 _aSullivan, Bill M.,
_eautor.
245 1 0 _aTen Steps to Breaking the 200 Barrier.
264 1 _aKansas City, Missouri :
_bBeacon Hill Pres of Kansas City,
_c1988.
300 _a112 páginas ;
_c21 centímetros
336 _atext
_2rdacontent
337 _aunmediated
_2rdamedia
338 _avolume
_2rdacarrier
505 0 _aExamine your motive.- Intensify your praying.- Increase your faith.- Set a barrier-breaking goal.- Think through yor plan.- Focus on the critical few.
526 _aSEG42
526 _aSEG41
526 _aSEG40
526 _aSEG39
526 _aP94
526 _aP87
526 _aP86
526 _aP85
526 _aP77
526 _aP76
526 _aP35
650 0 4 _aCRECIMIENTO DE IGLESIA - ESTRATEGIAS.
910 _ajck
_bjvq
_cjck
942 _2ddc
_cBOOK
949 _a254.5 S91
_wDEWEY
_c1
_i38003
_lCCODEBUL1
_mBUL
_r0
_sY
_tBOOK
_u2015-4-23
_xTEOLOGIA
_zUNKNOWN
_0COMPRA
_o.STAFF. Colección General
949 _a254.5 S91
_wDEWEY
_c2
_i42562
_lCCODEBUL1
_mBUL
_r0
_sY
_tBOOK
_u2015-6-16
_xTEOLOGIA
_zUNKNOWN
_0COMPRA
_o.STAFF. Colección General
994 _aC0
_bPEPRU
596 _a1
999 _a254.5 S91
_wDEWEY
_c60395
_i38003
_f2021-11-10
_g5
_lCCODEBUL1
_mBUL
_r0
_sY
_tBOOK
_u2015-4-23
_xTEOLOGIA
_zUNKNOWN
_0COMPRA
_o.STAFF. Colección General
_d60395
999 _a254.5 S91
_wDEWEY
_c2
_i42562
_f2021-11-10
_g5
_lCCODEBUL1
_mBUL
_r0
_sY
_tBOOK
_u2015-6-16
_xTEOLOGIA
_zUNKNOWN
_0COMPRA
_o.STAFF. Colección General
980 _81
_gALBERTO SANCHEZ Responsable de Automatización